| 000 | 00449nam a22001697a 4500 | ||
|---|---|---|---|
| 003 | OSt | ||
| 005 | 20260206055420.0 | ||
| 008 | 260206b |||||||| |||| 00| 0 eng d | ||
| 020 | _a978-0-316-76948-8 | ||
| 040 |
_aDWCL-Main Lib _cOC |
||
| 082 | _aFic. Sa165 1951 | ||
| 100 |
_aSalinger, Jerome David _d1919-2010 |
||
| 245 | _aThe Catcher in the rye | ||
| 260 |
_aBoston, _bLittle Brown, _cc1951. |
||
| 300 | _a277 p. ; | ||
| 942 |
_2ddc _cFIC. _mFic. _n0 |
||
| 999 |
_c8313 _d8313 |
||